| Tag |
First Indicator |
Second Indicator |
Subfields |
| LEADER |
00000cam a2200000Ii 4500 |
| 001 |
in00000045581 |
| 005 |
20190325090724.0 |
| 008 |
800609s1979 txua bm 000 0 eng d |
| 035 |
|
|
|a (OCoLC)ocm06399924
|
| 035 |
|
|
|a (OCoLC)06399924
|
| 035 |
|
|
|9 AAE9233AM
|
| 040 |
|
|
|a TXA
|b eng
|c TXA
|d OCL
|d OCLCQ
|d OCLCF
|d OCLCO
|d OCLCQ
|
| 035 |
|
|
|a (OCoLC)6399924
|
| 049 |
|
|
|a TXAM
|
| 099 |
|
|
|a 1979
|a Dissertation
|a S285
|
| 100 |
1 |
|
|a Scarfe, Arthur David.
|
| 245 |
1 |
0 |
|a Spontaneous locomotor behavior of goldfish (Carassius Auratus) and lemon sharks (Negaprion Brevirostris) in response to different visual configurations.
|
| 264 |
|
1 |
|a [College Station, Tex.] :
|b Scarfe,
|c 1979.
|
| 300 |
|
|
|a xiv, 162 leaves :
|b illustrations ;
|c 29 cm
|
| 336 |
|
|
|a text
|b txt
|2 rdacontent
|
| 337 |
|
|
|a unmediated
|b n
|2 rdamedia
|
| 338 |
|
|
|a volume
|b nc
|2 rdacarrier
|
| 502 |
|
|
|c Texas A & M University
|
| 500 |
|
|
|a Vita.
|
| 504 |
|
|
|a Includes bibliographical references (leaves 145-161).
|
| 500 |
|
|
|a "Major subject: Zoology."
|
| 520 |
3 |
|
|a The volume of information that is rapidly accumulating, with the use of modem neurophysiological recording techniques, suggests that there are built-in recognition and coding systems within the visio-neural complexes of animals which react to critical features of any configuration (e.g. Hubei and Wiesel 1962). These features appear to be predominantly the horizontal, vertical and possibly oblique contours. These neurophysiological findings are in accord with the dominant theoretical models for configurational perception, recognition and discrimination (ie. Dodwell 1957; Sutherland 1957) that were postulated earlier as a result of the findings of phychophysical experimentation. In addition, from the first interpretations of visual mechanisms, up until the present time, it has been assumed that there is something distinctly inherent in the sensing of any visual configuration. The only truly innate behavior resulting from the perception of visual configurations has been described by the Tinbergian-Lorenzian school of ethology. Unfortunately, no study has been unequivocally demonstrated that any animal can, or does, respond to the essential features (ie. horizontal, vertical and/or oblique contours) of configurations, without prior training. This study utilized a 16 multiple choice circular tank, to electronically monitor the movements of goldfish and lemon sharks, naive to these conditions. The locomotor behavior of individual goldfish was monitored in response to these configuration types (fish-like silhouettes; silhouettes comprising of horizontal, vertical and oblique contours; and horizontal, vertical and oblique multiple bars), and their responses were described in terms of time-spent and number of entries into each condition. The behavioral reactions of lemon sharks to similar multiple bars was monitored in a similar larger system and their responses similarly described. ...
|
| 650 |
|
0 |
|a Fishes
|x Behavior.
|
| 650 |
|
0 |
|a Visual evoked response.
|
| 650 |
|
0 |
|a Optical pattern recognition.
|
| 650 |
|
0 |
|a Visual perception
|x Testing.
|
| 650 |
|
4 |
|a Major zoology.
|
| 650 |
|
7 |
|a Fishes
|x Behavior.
|2 fast
|0 (OCoLC)fst00926372
|
| 650 |
|
7 |
|a Optical pattern recognition.
|2 fast
|0 (OCoLC)fst01046784
|
| 650 |
|
7 |
|a Visual evoked response.
|2 fast
|0 (OCoLC)fst01168026
|
| 650 |
|
7 |
|a Visual perception
|x Testing.
|2 fast
|0 (OCoLC)fst01168069
|
| 655 |
|
7 |
|a Academic theses
|2 lcgft
|
| 700 |
1 |
|
|a Sweet, Merrill,
|e degree supervisor.
|
| 700 |
1 |
|
|a Matis, Jim,
|e degree comittee member.
|
| 700 |
1 |
|
|a McEachran, John,
|e degree comittee member.
|
| 700 |
1 |
|
|a Owens, Dave,
|e degree comittee member.
|
| 710 |
2 |
|
|a Texas A & M University,
|e degree granting institution.
|
| 856 |
4 |
1 |
|u http://hdl.handle.net/1969.1/Dissertations-53438
|z Link to OAKTrust copy
|t 0
|
| 856 |
4 |
1 |
|u http://proxy.library.tamu.edu/login?url=http://proquest.umi.com/pqdweb?did=752365201&sid=1&Fmt=2&clientId=2945&RQT=309&VName=PQD
|z Link to ProQuest copy
|t 0
|
| 994 |
|
|
|a C0
|b TXA
|
| 999 |
f |
f |
|s fa70565b-344e-3b98-a20a-c89fce5e0912
|i ca91071b-fd69-3631-a243-67a52b852d82
|t 0
|
| 952 |
f |
f |
|p noncirc
|a Texas A&M University
|b J.J. Pickle Campus
|c High Density Repository
|s HDR
|d Remote Storage
|t 0
|e 1979 Dissertation S285
|h Other scheme
|i unmediated -- volume
|m A14840997341
|
| 952 |
f |
f |
|a Texas A&M University
|b College Station
|c Electronic Resources
|s www_evans
|d Available Online
|t 0
|e 1979 Dissertation S285
|h Other scheme
|
| 998 |
f |
f |
|a 1979 Dissertation S285
|t 0
|l Available Online
|
| 998 |
f |
f |
|a 1979 Dissertation S285
|t 0
|l Remote Storage
|